Post-stroke psychological suffering: Presentation of therapeutic support through artistic mediation (notice n° 1718546)

détails MARC
000 -LEADER
fixed length control field 02182cam a2200169 4500500
005 - DATE AND TIME OF LATEST TRANSACTION
control field 20260322001849.0
041 ## - LANGUAGE CODE
Language code of text/sound track or separate title fre
042 ## - AUTHENTICATION CODE
Authentication code dc
100 10 - MAIN ENTRY--PERSONAL NAME
Personal name Giraud, Damien
Relator term author
245 00 - TITLE STATEMENT
Title Post-stroke psychological suffering: Presentation of therapeutic support through artistic mediation
260 ## - PUBLICATION, DISTRIBUTION, ETC.
Date of publication, distribution, etc. 2026.<br/>
500 ## - GENERAL NOTE
General note 88
520 ## - SUMMARY, ETC.
Summary, etc. The subjective experience of stroke in the elderly, as well as the specific support it requires, remains insufficiently explored. While much attention has been given to the psychopathological manifestations frequently observed post-stroke (such as mood disorders, agitation, and aggression), there is a risk that the potential role of the psychological dynamics may be overshadowed by a more direct symptomatic reading of the cerebral lesion. Nevertheless, stroke represents a significant existential disruption, a somatic and psychological experience whose sequelae and resulting psychological suffering profoundly impact quality of life. The aim of this article is to outline certain consequences of stroke on the psychological organization and the ways in which the individual experiences and appropriates this event. It will be shown that, alongside functional and cognitive impairments, there are multiple losses of individual and social supports that further destabilize the subject, thereby heightening vulnerability. With a commitment to supporting the psychological life of these individuals, we have implemented a therapeutic intervention in our clinical practice through drawing mediation, aimed at facilitating communication and fostering new forms of expression. Using a single-case study approach, we present the therapeutic process applied to a brain-injured nursing home resident exhibiting behavioral disorders, and its impact on the emergence of a psychological dynamic conducive to emotional relief.
700 10 - ADDED ENTRY--PERSONAL NAME
Personal name Verdon, Benoît
Relator term author
786 0# - DATA SOURCE ENTRY
Note Gériatrie et Psychologie Neuropsychiatrie du Vieillissement | 23 | 4 | 2026-02-04 | p. 503-511 | 2115-8789
856 41 - ELECTRONIC LOCATION AND ACCESS
Uniform Resource Identifier <a href="https://stm.cairn.info/journal-geriatrie-et-psychologie-neuropsychiatrie-du-vieillissement-2025-4-page-503?lang=en&redirect-ssocas=7080">https://stm.cairn.info/journal-geriatrie-et-psychologie-neuropsychiatrie-du-vieillissement-2025-4-page-503?lang=en&redirect-ssocas=7080</a>

Pas d'exemplaire disponible.

PLUDOC

PLUDOC est la plateforme unique et centralisée de gestion des bibliothèques physiques et numériques de Guinée administré par le CEDUST. Elle est la plus grande base de données de ressources documentaires pour les Étudiants, Enseignants chercheurs et Chercheurs de Guinée.

Adresse

627 919 101/664 919 101

25 boulevard du commerce
Kaloum, Conakry, Guinée

Réseaux sociaux

Powered by Netsen Group @ 2025